000 00934nam a2200265 i 4500
001 000032867
003 DO-SdBNP
005 20240409073643.0
007 ta
008 110801d1933 dr r 000 0 spa d
040 _aDO-SdBNP
_bspa
_cBNPHU
_erda
082 _222
_bF825t
100 1 _aHernández Franco, T.
_958630
_eautor
245 1 3 _aEl tercer año de gobierno del presidente Trujillo /
_cT. Hernández Franco.
264 _aCiudad Trujillo, República Dominicana :
_bImprenta. La Nación,
_c1933.
300 _a51 paginas ;
_c19 cm.
336 _2rdacontent
_atexto
_btxt
337 _2rdamedia
_asin mediación
_bn
338 _2rdacarrier
_avolumen
_bnc
590 _aInventariado, 2023 / DG
600 1 0 _aTrujillo Molina, Rafael Leónidas,
_d 1891-1961
_976764
651 4 _aRepública Dominicana
_xPolítica Y Gobierno
_yERA DE TRUJILLO, 1930-1961
_91374
910 _aValidado. Control de calidad. EMS
942 _2ddc
_cLBS1
999 _c32358
_d32358